The Social Background of a Plan (Record no. 607551)

MARC details
000 -LEADER
fixed length control field 00572nam a22001937a 4500
008 - FIXED-LENGTH DATA ELEMENTS--GENERAL INFORMATION
fixed length control field 260108b |||||||| |||| 00| 0 eng d
020 ## - INTERNATIONAL STANDARD BOOK NUMBER
ISBN 9780415177061
Paper back/Hardbound hbk
041 ## - LANGUAGE CODE
Language code of text/sound track or separate title eng
082 ## - DEWEY DECIMAL CLASSIFICATION NUMBER
Classification number 301
Item number GLA
100 ## - MAIN ENTRY--AUTHOR NAME
Personal name Glass, Ruth
245 ## - TITLE STATEMENT
Title The Social Background of a Plan
Statement of responsibility, etc edited by Ruth Glass
260 ## - PUBLICATION, DISTRIBUTION, ETC. (IMPRINT)
Place of publication Oxon
Name of publisher Routledge
Year of publication 1948
300 ## - PHYSICAL DESCRIPTION
Number of Pages 268 +[50] p.
Dimensions 23 cm.
490 ## - SERIES STATEMENT
Series statement International Library of Sociology
504 ## - BIBLIOGRAPHY, ETC. NOTE
Bibliography, etc Includes index
650 ## - SUBJECT ADDED ENTRY--TOPICAL TERM
Topical Term School Medical Service; Middlesbrough (England) Social conditions
942 ## - ADDED ENTRY ELEMENTS (KOHA)
Koha item type English Books
Holdings
Withdrawn status Lost status Damaged status Not for loan Home library Current library Shelving location Date acquired Full call number Accession Number Price effective from Koha item type
        Anna Centenary Library Anna Centenary Library 3RD FLOOR, B WING 23.08.2010 301 GLA 173823 08.01.2026 English Books

Find us on the map